<?xml version="1.0" encoding="UTF-8"?><?xml-stylesheet type="text/xsl" href="static/style.xsl"?><OAI-PMH xmlns="http://www.openarchives.org/OAI/2.0/" xmlns:xsi="http://www.w3.org/2001/XMLSchema-instance" xsi:schemaLocation="http://www.openarchives.org/OAI/2.0/ http://www.openarchives.org/OAI/2.0/OAI-PMH.xsd"><responseDate>2026-04-14T02:39:05Z</responseDate><request verb="GetRecord" identifier="oai:www.recercat.cat:10459.1/468357" metadataPrefix="marc">https://recercat.cat/oai/request</request><GetRecord><record><header><identifier>oai:recercat.cat:10459.1/468357</identifier><datestamp>2025-09-15T18:44:59Z</datestamp><setSpec>com_2072_3622</setSpec><setSpec>col_2072_479130</setSpec></header><metadata><record xmlns="http://www.loc.gov/MARC21/slim" xmlns:dcterms="http://purl.org/dc/terms/" xmlns:xsi="http://www.w3.org/2001/XMLSchema-instance" xmlns:doc="http://www.lyncode.com/xoai" xsi:schemaLocation="http://www.loc.gov/MARC21/slim http://www.loc.gov/standards/marcxml/schema/MARC21slim.xsd">
   <leader>00925njm 22002777a 4500</leader>
   <datafield ind2=" " ind1=" " tag="042">
      <subfield code="a">dc</subfield>
   </datafield>
   <datafield ind2=" " ind1=" " tag="720">
      <subfield code="a">Galindo-Aran, Helena</subfield>
      <subfield code="e">author</subfield>
   </datafield>
   <datafield ind2=" " ind1=" " tag="720">
      <subfield code="a">López-Cristoffanini, Camilo</subfield>
      <subfield code="e">author</subfield>
   </datafield>
   <datafield ind2=" " ind1=" " tag="720">
      <subfield code="a">López Fructuoso, Mª Luisa</subfield>
      <subfield code="e">author</subfield>
   </datafield>
   <datafield ind2=" " ind1=" " tag="720">
      <subfield code="a">Mata, Clara I.</subfield>
      <subfield code="e">author</subfield>
   </datafield>
   <datafield ind2=" " ind1=" " tag="720">
      <subfield code="a">Echeverría, Gemma</subfield>
      <subfield code="e">author</subfield>
   </datafield>
   <datafield ind2=" " ind1=" " tag="260">
      <subfield code="c">2025-07-04</subfield>
   </datafield>
   <datafield ind2=" " ind1=" " tag="520">
      <subfield code="a">The formulation of a pre-harvest treatment including the active ingredient 1-methylcyclopropene (1-MCP), Harvista  effectively delays fruit ripening. This study aimed to investigate the effects of Harvista on the ripening process, nutraceutical properties, and aromatic composition of three apple varieties ('Royal Gala', 'Golden Delicious', and 'Rosy Glow') at harvest, after 3 months of cold storage (0.5 ºC), and during a subsequent shelf-life of 7 d after cold storage (20 ºC). Three experimental groups were established: (i) control fruit (CT), (ii) fruit treated with Harvista and harvested on the same day as the CT, (iii) fruit treated and then harvested at a starch index (SI) of 7-8. Quality parameters, ethylene production, nutraceutical profile, and volatile compounds were analysed at different sampling points. The chlorophyll absorbance index (IAD), SI, firmness, total soluble solids (TSS), and Hue indicated that Harvista was effective in delaying fruit ripening on the tree, thereby enhancing its storage potential. These characteristics at harvest were well correlated with ethylene production. After cold storage and subsequent shelf life, the treated fruit exhibited a reduced loss of firmness and better colour retention. The most significant effects were observed in 'Rosy Glow' apples, in which the treated groups remained less ripe throughout the study. Globally analysing all of the conditions for the three varieties, the treatment did not negatively affect the concentration of water-soluble vitamins, antioxidant capacity, vitamin C, or phenolic compounds. Similarly, the volatile compounds were not adversely altered except for 'Rosy Glow', so the treated fruit presented a similar profile to that of the CT fruit. Pre-harvest application of Harvista appears to offer an effective treatment for extending the harvest window and improving fruit preservation without compromising its nutraceutical properties.</subfield>
   </datafield>
   <datafield tag="653" ind2=" " ind1=" ">
      <subfield code="a">Cold storage</subfield>
   </datafield>
   <datafield tag="653" ind2=" " ind1=" ">
      <subfield code="a">Fruit ripening</subfield>
   </datafield>
   <datafield tag="653" ind2=" " ind1=" ">
      <subfield code="a">Shelf life</subfield>
   </datafield>
   <datafield tag="653" ind2=" " ind1=" ">
      <subfield code="a">Quality parameters</subfield>
   </datafield>
   <datafield tag="653" ind2=" " ind1=" ">
      <subfield code="a">1-methylcyclopropene (1-MCP)</subfield>
   </datafield>
   <datafield tag="653" ind2=" " ind1=" ">
      <subfield code="a">Nutritional value</subfield>
   </datafield>
   <datafield tag="653" ind2=" " ind1=" ">
      <subfield code="a">Physiological changes</subfield>
   </datafield>
   <datafield ind2="0" ind1="0" tag="245">
      <subfield code="a">Effect of a pre-harvest treatment with Harvista  on the nutraceutical quality and volatile compound profile of apples</subfield>
   </datafield>
</record></metadata></record></GetRecord></OAI-PMH>